Eindämmung des Drogenmißbrauchs zwischen Repression und Prävention: [Vortrag: 21. Februar 1995]
| 1. VerfasserIn: | |
|---|---|
| Medienart: | Druck Buch |
| Sprache: | Deutsch |
| Veröffentlicht: |
Heidelberg
Müller, Jur. Verl.
1995
|
| In: |
Schriftenreihe / Juristische Studiengesellschaft Karlsruhe (217)
Jahr: 1995 |
| Online-Zugang: |
Inhaltsverzeichnis |
| Bestand in Tübingen: | In Tübingen vorhanden. IFK: C XVII 611 |
| Verfügbarkeit prüfen: | HBZ Gateway |
| Subito Bestelldienst: | Jetzt bestellen. |
| Schlagwörter: |
MARC
| LEADER | 00000cam a2200000 c 4500 | ||
|---|---|---|---|
| 001 | 271902965 | ||
| 003 | DE-627 | ||
| 005 | 20260206195105.0 | ||
| 007 | tu | ||
| 008 | 950627s1995 gw ||||| 00| ||ger c | ||
| 015 | |a 95,N24,0075 |2 dnb | ||
| 015 | |a 95,A48,0523 |2 dnb | ||
| 016 | 7 | |a 944469876 |2 DE-101 | |
| 020 | |a 3811477951 |9 3-8114-7795-1 | ||
| 035 | |a (DE-627)271902965 | ||
| 035 | |a (DE-603)035287381 | ||
| 035 | |a (DE-576)046193650 | ||
| 035 | |a (DE-599)GBV271902965 | ||
| 035 | |a (OCoLC)243807765 | ||
| 035 | |a (OCoLC)243807765 | ||
| 040 | |a DE-627 |b ger |c DE-627 |e rakwb | ||
| 041 | |a ger | ||
| 044 | |c XA-DE | ||
| 084 | |a 19 |a 14 |2 sdnb | ||
| 084 | |a PC 4750 |2 rvk |0 (DE-625)rvk/135086: | ||
| 084 | |a PC 4720 |2 rvk |0 (DE-625)rvk/135084: | ||
| 084 | |a PH 8520 |2 rvk |0 (DE-625)rvk/136508: | ||
| 084 | |a 86.38 |2 bkl | ||
| 084 | |a 86.41 |2 bkl | ||
| 100 | 1 | |a Dölling, Dieter |d 1952- |0 (DE-588)115867155 |0 (DE-627)077522656 |0 (DE-576)160756383 |4 aut | |
| 109 | |a Dölling, Dieter 1952- |a Dölling, D. 1952- | ||
| 245 | 1 | 0 | |a Eindämmung des Drogenmißbrauchs zwischen Repression und Prävention |b [Vortrag: 21. Februar 1995] |c von Dieter Dölling |
| 263 | |a kart. : DM 22.00, sfr 22.00, S 172.00 | ||
| 264 | 1 | |a Heidelberg |b Müller, Jur. Verl. |c 1995 | |
| 300 | |a V, 33 S. | ||
| 336 | |a Text |b txt |2 rdacontent | ||
| 337 | |a ohne Hilfsmittel zu benutzen |b n |2 rdamedia | ||
| 338 | |a Band |b nc |2 rdacarrier | ||
| 490 | 1 | |a Schriftenreihe / Juristische Studiengesellschaft, Karlsruhe |v 217 | |
| 583 | 1 | |a Archivierung/Langzeitarchivierung gewährleistet |f PEBW |x XA-DE-BW |2 pdager |5 DE-31 | |
| 689 | 0 | 0 | |d s |0 (DE-588)4070587-0 |0 (DE-627)106099663 |0 (DE-576)209181532 |a Drogenmissbrauch |2 gnd |
| 689 | 0 | 1 | |d s |0 (DE-588)4112701-8 |0 (DE-627)104321679 |0 (DE-576)209470127 |a Bekämpfung |2 gnd |
| 689 | 0 | |5 DE-101 | |
| 689 | 1 | 0 | |d s |0 (DE-588)4070587-0 |0 (DE-627)106099663 |0 (DE-576)209181532 |a Drogenmissbrauch |2 gnd |
| 689 | 1 | 1 | |d s |0 (DE-588)4112701-8 |0 (DE-627)104321679 |0 (DE-576)209470127 |a Bekämpfung |2 gnd |
| 689 | 1 | |5 (DE-627) | |
| 810 | 2 | |a Juristische Studiengesellschaft Karlsruhe |t Schriftenreihe / Juristische Studiengesellschaft Karlsruhe |v 217 |9 217 |w (DE-627)130116491 |w (DE-576)015646777 |w (DE-600)504598-8 |x 0447-1806 |7 am | |
| 856 | 4 | 2 | |u http://www.gbv.de/dms/spk/sbb/toc/271902965.pdf |m V:DE-601 |m B:DE-1 |q pdf/application |x Verlag |y Inhaltsverzeichnis |3 Inhaltsverzeichnis |7 1 |
| 889 | |w (DE-627)184780195 | ||
| 935 | |i mdedup | ||
| 935 | |i Blocktest | ||
| 935 | |h HEB |i 0501 | ||
| 935 | |h HEB |i 0503 | ||
| 936 | r | v | |a PC 4750 |b Vorträge und Reden |k Rechtswissenschaft |k Allgemeines zum juristischen Studium und zur Rechtswissenschaft |k Kleinschrifttum |k Vorträge und Reden |0 (DE-627)1271142287 |0 (DE-625)rvk/135086: |0 (DE-576)201142287 |
| 936 | r | v | |a PC 4720 |b Sammelwerke |k Rechtswissenschaft |k Allgemeines zum juristischen Studium und zur Rechtswissenschaft |k Festschriften, Sammelwerke |k Sammelwerke |0 (DE-627)1271142279 |0 (DE-625)rvk/135084: |0 (DE-576)201142279 |
| 936 | r | v | |a PH 8520 |b Alkoholismus; Verwahrlosung; Nichtsesshafter, Obdachloser; Arbeitslosigkeit; Armut, Neue Armut; Drogenmissbrauch, Drogenabhängigkeit, Drogenkonsum; Drogenkriminalität; Beschaffungskriminalität |k Rechtswissenschaft |k Strafrecht, Strafverfahrensrecht, Kriminologie |k Kriminologie |k Weitere Problemfelder |k Alkoholismus; Verwahrlosung; Nichtsesshafter, Obdachloser; Arbeitslosigkeit; Armut, Neue Armut; Drogenmissbrauch, Drogenabhängigkeit, Drogenkonsum; Drogenkriminalität; Beschaffungskriminalität |0 (DE-627)1272237907 |0 (DE-625)rvk/136508: |0 (DE-576)202237907 |
| 936 | b | k | |a 86.38 |j Nebenstrafrecht |0 (DE-627)106412752 |
| 936 | b | k | |a 86.41 |j Kriminologie |0 (DE-627)181572001 |
| 936 | s | n | |a p100 |2 mzub |
| 936 | s | n | |a m200 |2 mzub |
| 951 | |a BO | ||
| ELC | |b 1 | ||
| LOK | |0 000 xxxxxcx a22 zn 4500 | ||
| LOK | |0 001 3313864392 | ||
| LOK | |0 003 DE-627 | ||
| LOK | |0 004 271902965 | ||
| LOK | |0 005 20151116135457 | ||
| LOK | |0 008 150728||||||||||||||||ger||||||| | ||
| LOK | |0 035 |a (DE-21-110)kd23353 | ||
| LOK | |0 040 |a DE-21-110 |c DE-627 |d DE-21-110 | ||
| LOK | |0 689 |a s |a Drogenmissbrauch | ||
| LOK | |0 689 |a s |a Drogenprävention | ||
| LOK | |0 689 |a s |a Drogenstrafrecht | ||
| LOK | |0 689 |a s |a Drogentherapie | ||
| LOK | |0 852 |a DE-21-110 | ||
| LOK | |0 852 1 |c C XVII 611 |m p |9 00 | ||
| LOK | |0 935 |a k110 | ||
| LOK | |0 938 |k p | ||
| LOK | |0 939 |a 28-07-15 |b l01 | ||
| ORI | |a SA-MARC-krimdoka001.raw | ||
| SIG | |a IFK: C XVII 611 | ||
